Über Guillaume de Machauts Voir dit ... (Record no. 23941)

MARC details
000 -LEADER
fixed length control field 00739cam a22002411 4500
001 - CONTROL NUMBER
control field g 01002290
003 - CONTROL NUMBER IDENTIFIER
control field DLC
005 - DATE AND TIME OF LATEST TRANSACTION
control field 20260227111257.0
008 - FIXED-LENGTH DATA ELEMENTS--GENERAL INFORMATION
fixed length control field 940420s1898 gw 000 0 ger
010 ## - LIBRARY OF CONGRESS CONTROL NUMBER
LC control number g 01002290
035 ## - SYSTEM CONTROL NUMBER
System control number (OCoLC)30305995
040 ## - CATALOGING SOURCE
Original cataloging agency DLC
Transcribing agency CU
Modifying agency CU
-- OCoLC
-- DLC
042 ## - AUTHENTICATION CODE
Authentication code premarc
050 00 - LIBRARY OF CONGRESS CALL NUMBER
Classification number PQ1483.G5
Item number H3
100 1# - MAIN ENTRY--PERSONAL NAME
Personal name Hanf, Georg,
Dates associated with a name 1875-
245 00 - TITLE STATEMENT
Title Über Guillaume de Machauts Voir dit ...
260 ## - PUBLICATION, DISTRIBUTION, ETC.
Place of publication, distribution, etc. Halle a. S.,
Name of publisher, distributor, etc. E. Karras,
Date of publication, distribution, etc. 1898.
300 ## - PHYSICAL DESCRIPTION
Extent 3 p. l., 32 p., 1 l.
Dimensions 24 cm.
410 20 - SERIES STATEMENT/ADDED ENTRY--CORPORATE NAME [OBSOLETE, CAN/MARC], [LOCAL, USA]
Corporate name or jurisdiction name as entry element Universität Heidelberg.
Title of a work Dissertationen.
Volume number/sequential designation v. 45, no. 5
502 ## - DISSERTATION NOTE
Dissertation note Inaug.-diss.--Halle.
500 ## - GENERAL NOTE
General note Vita.
500 ## - GENERAL NOTE
General note "Die arbeit erscheint vollständig in der Zeitschr. f. rom. phil. XXII."

No items available.

Powered by Koha